| 000 | 00806nam a22001697a 4500 | ||
|---|---|---|---|
| 008 | 110912s1996 ua|||||r|||| 000 0 ara d | ||
| 082 |
_222 _a327.095306 _bق ا س |
||
| 100 |
_915117 _aقاسم، جمال زكريا |
||
| 245 |
_aالأصول التاريخية للعلاقات العربية الأفريقية / _cجمال زكريا قاسم |
||
| 260 |
_aالقاهرة : _bدار الفكر العربي ، 1996 _c1996 |
||
| 300 |
_a355 ص ؛ _c24 سم |
||
| 504 | _aيشتمل على إرجاعات ببليوجرافية ص 337-350 | ||
| 651 |
_927109 _aالعالم العربي _xتاريخ _zأفريقيا |
||
| 653 | _bPol | ||
| 942 |
_2ddc _cBB |
||
| 999 |
_c15992 _d15992 |
||